000 01547nam0a2200385 4500
001 RU\NLR\bibl\949926
005 20250614200924.0
010 _a5-93673-068-9
021 _aRU
_b2006-15125
_9746
035 _a(nilc)RSL-KNO-002859067
035 _aEL/0000048976
035 _a(NLR Aleph) 000938036
090 _a201991
_c201991
100 _a20060203d2006 |||y0rusy50 ca
101 0 _arus
102 _aRU
105 _aa |||||||||
106 _ar
200 1 _aЦифровая фотография
_eподроб. иллюстрир. рук.
_fпод ред. С. В. Черникова
210 _aМосква
_cЛучшие кн.
_d2006
215 _a203 с.
_cил.
_d24
606 1 _aАвтоматы обучающие
_xПрограммирование диалоговое
_92183076
_3RU\NLR\auth\661312679
610 0 _aФотокинотехника. Фотография. Электрофотография. Ксерография. Цифровые фотографии
610 0 _aФотокинотехника -- Фотография -- Электрофотография. Ксерография -- Практическое руководство
610 0 _aцифровая фотография
686 _aМ941.8,07
_2rubbk
686 _aМ944.8
702 1 _aЧерников
_bС. В.
_gСергей В.
_4340
801 0 _aRU
_bNLR
_c20060203
_grcr
801 1 _aRU
_bNLR
_c20060203
801 1 _aRU
_bРГБ
_c20060203
801 2 _aRU
_bNLR
_c20060516
_grcr
942 _cBOOK
980 _aNB